| Tag |
First Indicator |
Second Indicator |
Subfields |
| LEADER |
00000cgm a2200000Ii 4500 |
| 001 |
in00003496513 |
| 005 |
20151206124603.0 |
| 007 |
vd csaizq |
| 008 |
141029s2014 xx 100 vleng d |
| 020 |
|
|
|a 1421029731
|
| 020 |
|
|
|a 9781421029733
|
| 024 |
1 |
|
|a 848957000298
|
| 028 |
4 |
2 |
|a EL-00029
|b Echolight Studios
|
| 035 |
|
|
|a (OCoLC)ocn893982683
|
| 035 |
|
|
|a (OCoLC)893982683
|
| 037 |
|
|
|b Midwest Tape
|n http://www.midwesttapes.com
|
| 040 |
|
|
|a TEFMT
|b eng
|e rda
|c TEFMT
|d TEF
|d UtOrBLW
|
| 041 |
0 |
|
|a eng
|j eng
|
| 049 |
|
|
|a TXAM
|
| 050 |
|
4 |
|a PN1997.2
|b .C47 2014
|
| 082 |
0 |
4 |
|a 791.43/72
|2 23
|
| 090 |
|
|
|a PN1995.9.C5113
|b C455 2014
|
| 245 |
0 |
4 |
|a The Christmas candle /
|c Christmas Candle Productions Limited.
|
| 246 |
3 |
|
|a Max Lucado's the Christmas candle
|
| 264 |
|
1 |
|a [Place of publication not identified] :
|b [Publisher not identified],
|c [2014]
|
| 264 |
|
2 |
|a [United States] :
|b Echolight Studios.
|
| 300 |
|
|
|a 1 videodisc (100 min.) :
|b sound, color ;
|c 4 3/4 in.
|
| 336 |
|
|
|a two-dimensional moving image
|b tdi
|2 rdacontent
|
| 337 |
|
|
|a video
|b v
|2 rdamedia
|
| 338 |
|
|
|a videodisc
|b vd
|2 rdacarrier
|
| 344 |
|
|
|a digital
|b optical
|g surround
|h DolbyTrueHD 5.1
|2 rda
|
| 347 |
|
|
|a video file
|b Blu-Ray
|d 1080p High Definition
|e region A, B
|2 rda
|
| 538 |
|
|
|a Blu-ray, region A, B, 1080p High Definition widescreen; Dolby TrueHD 5.1; requires Blu-ray player.
|
| 500 |
|
|
|a Title from container.
|
| 546 |
|
|
|a English subtitles fo the hearing impaired.
|
| 511 |
1 |
|
|a Susan Boyle, Hans Matheson, Samantha Barks, Lesley Manville, Sylvester McCoy.
|
| 500 |
|
|
|a Originally released as a motion picture in 2013.
|
| 500 |
|
|
|a Based on Max Lucado's 2013 book of the same name.
|
| 521 |
8 |
|
|a Rating: PG; for mild thematic elements.
|
| 520 |
|
|
|a Deep in the heart of the English countryside lays the enchanting village of Gladbury. Legend has it every twenty-five years an angel visits the village candle maker and touches a single candle. Whoever lights the Christmas Candle will receive a miracle on Christmas Eve. But in 1890, at the dawn of the electric age, this centuries old legend may come to an end. When David Richmond, a progressive young minister from London arrives in Gladbury the villagers discover a new formula for miracles.
|
| 500 |
|
|
|a Extra features: Behind the scenes with Max Lucado and cast; Susan Boyle's first live performance of "Miracle hymn"; Holiday devotionals with Max Lucado.
|
| 650 |
|
0 |
|a Angels
|v Drama.
|
| 650 |
|
0 |
|a Candles
|v Drama.
|
| 650 |
|
0 |
|a Miracles
|v Drama.
|
| 655 |
|
7 |
|a Christmas films.
|2 lcgft
|
| 655 |
|
7 |
|a Film adaptations.
|2 lcgft
|
| 655 |
|
7 |
|a Feature films.
|2 lcgft
|
| 655 |
|
7 |
|a Fiction films.
|2 lcgft
|
| 655 |
|
7 |
|a Video recordings for the hearing impaired.
|2 lcgft
|
| 700 |
1 |
|
|a Boyle, Susan,
|d 1961-
|e actor.
|
| 700 |
1 |
|
|a Matheson, Hans,
|d 1975-
|e actor.
|
| 700 |
1 |
|
|a Barks, Samantha,
|e actor.
|
| 700 |
1 |
|
|a Manville, Lesley,
|e actor.
|
| 700 |
1 |
|
|a McCoy, Sylvester, ǂd 1943-
|e actor.
|
| 700 |
1 |
|
|i Motion picture adaptation of (work):
|a Lucado, Max.
|t Christmas candle.
|
| 710 |
2 |
|
|a Christmas Candle Productions Ltd.
|
| 710 |
2 |
|
|a Echolight Studios (Firm),
|e film distributor.
|
| 994 |
|
|
|a C0
|b TXA
|
| 948 |
|
|
|a cataloged
|b h
|c 2014/12/12
|d c
|e blrosas
|f 12:18:43 pm
|
| 999 |
|
|
|a MARS
|
| 999 |
f |
f |
|s 28828435-f391-3d0a-8ebe-bab9b816cb40
|i 585ea517-66ac-32a7-a64e-4bfa1b38aa5d
|t 0
|
| 952 |
f |
f |
|p bluray
|a Texas A&M University
|b College Station
|c Sterling C. Evans Library
|d Evans: Media and Reserves (Annex 1st floor)
|t 0
|e PN1995.9.C5113 C455 2014
|h Library of Congress classification
|i video -- videodisc
|m A14842769086
|
| 998 |
f |
f |
|a PN1995.9.C5113 C455 2014
|t 0
|l Evans: Media and Reserves (Annex 1st floor)
|